00340nam a2200133Ia 45000010005000000080041000050200022000460820020000681000016000882450036001042600024001409010027001649990015001911319241024s9999 xx 000 0 und d a978-99934-42-88-2 aRD/863.01/A453m aPaul Alonso 0aMe persiguen (Relatos de ecape) bEd. Ferilibroc2009 a21/3/2011 9:50:15 a.m. c7849d7849